[Event "Bergen Grand Prix"]
[Site "Bergen"]
[Date "2011.11.11"]
[Round "1"]
[White "Satre, Mathias"]
[Black "Frisvold, Ole Emil"]
[Result "0-1"]
[WhiteElo "1556"]
[BlackElo "1918"]
[PlyCount "42"]
[EventDate "2011.11.11"]
[EventType "swiss"]
[EventRounds "5"]
[EventCountry "NOR"]
[SourceTitle "EXT 2023"]
[Source "ChessBase"]
[SourceDate "2022.10.05"]
[SourceVersion "1"]
[SourceVersionDate "2022.10.05"]
[SourceQuality "1"]

1. e4 c5 2. Nc3 Nc6 3. g3 g6 4. Bg2 Bg7 5. d3 e6 6. Be3 d6 7. Qd2 Nge7 8. f4 0-0 9. e5 dxe5 10. Bxc5 Qa5 11. Bxe7 Nxe7 12. fxe5 Qxe5+ 13. Nge2 Nf5 14. Be4 Bh6 15. Nf4 Nd4 16. Kf2 Qc5 17. Kg2 f5 18. Nxe6 Bxe6 19. Qxh6 fxe4 20. dxe4 Rf2+ 21. Kxf2 Nf5+ 0-1

[Event "Politiken Cup 33rd"]
[Site "Helsingor"]
[Date "2011.08.03"]
[Round "6"]
[White "Frisvold, Ole Emil"]
[Black "Jacobsen, Per"]
[Result "1-0"]
[WhiteElo "1983"]
[BlackElo "1670"]
[PlyCount "73"]
[EventDate "2011.07.30"]
[EventType "swiss"]
[EventRounds "10"]
[EventCountry "DEN"]
[SourceTitle "CBM 143 Extra"]
[Source "ChessBase"]
[SourceDate "2011.08.29"]
[SourceVersion "1"]
[SourceVersionDate "2011.08.29"]
[SourceQuality "1"]

1. d4 f5 2. Nf3 Nf6 3. g3 g6 4. Bg2 Bg7 5. 0-0 d5 6. Bf4 c6 7. Qc1 0-0 8. Bh6 Qb6 9. Bxg7 Kxg7 10. Nbd2 Nbd7 11. c4 e6 12. e3 Re8 13. Qc3 Qc7 14. b4 b6 15. Rfc1 Bb7 16. c5 b5 17. a4 a6 18. axb5 axb5 19. Nb3 Ne4 20. Qb2 h6 21. Rxa8 Rxa8 22. Ra1 Rxa1+ 23. Qxa1 Qb8 24. Ne5 Nxe5 25. dxe5 Qa8 26. Qxa8 Bxa8 27. Bxe4 dxe4 28. Nd4 Kf7 29. g4 Bb7 30. h4 fxg4 31. Kg2 h5 32. Kg3 Ke7 33. Kf4 Kf7 34. Kg5 Bc8 35. Ne2 Bd7 36. Nf4 Be8 37. Nxg6 1-0

[Event "Hordaland-ch NGP A"]
[Site "Bergen"]
[Date "2011.06.05"]
[Round "4"]
[White "Merkesvik, Sondre"]
[Black "Frisvold, Ole Emil"]
[Result "0-1"]
[WhiteElo "1542"]
[BlackElo "1971"]
[PlyCount "78"]
[EventDate "2011.06.03"]
[EventType "swiss"]
[EventRounds "5"]
[EventCountry "NOR"]
[SourceTitle "EXT 2024"]
[Source "ChessBase"]
[SourceDate "2023.10.10"]
[SourceVersion "1"]
[SourceVersionDate "2023.10.10"]
[SourceQuality "1"]

1. e4 c5 2. Nf3 g6 3. d4 cxd4 4. Nxd4 Nc6 5. Nxc6 bxc6 6. Qd4 f6 7. Bc4 e5 8. Qd3 Ne7 9. Nc3 Bb7 10. 0-0 d5 11. exd5 cxd5 12. Bb5+ Kf7 13. Rd1 Qb6 14. a4 a5 15. Ra3 d4 16. Ne4 Nd5 17. Rb3 Nb4 18. Qe2 Rc8 19. Bd3 Bd5 20. Ra3 Nxd3 21. Raxd3 Bc4 22. Qg4 Bxd3 23. cxd3 Be7 24. f4 Qe6 25. Qf3 Rc2 26. Re1 Qc6 27. Bd2 f5 28. fxe5 Kg7 29. Rf1 Rf8 30. Qh3 h5 31. Bg5 fxe4 32. Bxe7 Rxf1+ 33. Kxf1 Rc1+ 34. Kf2 e3+ 35. Kg3 e2 36. Bf6+ Kh7 37. Kf4 e1Q 38. e6 Qf2+ 39. Ke5 Rc5# 0-1

[Event "Hordaland-ch NGP A"]
[Site "Bergen"]
[Date "2011.06.04"]
[Round "3"]
[White "Frisvold, Ole Emil"]
[Black "Lie, Terje"]
[Result "1-0"]
[WhiteElo "1971"]
[BlackElo "1281"]
[PlyCount "99"]
[EventDate "2011.06.03"]
[EventType "swiss"]
[EventRounds "5"]
[EventCountry "NOR"]
[SourceTitle "EXT 2024"]
[Source "ChessBase"]
[SourceDate "2023.10.10"]
[SourceVersion "1"]
[SourceVersionDate "2023.10.10"]
[SourceQuality "1"]

1. d4 b6 2. Nf3 Bb7 3. g3 Nf6 4. Bg2 d6 5. 0-0 e6 6. c4 Be7 7. Nc3 0-0 8. Qc2 Nbd7 9. e4 e5 10. dxe5 Nxe5 11. Nxe5 dxe5 12. Rd1 Qc8 13. Nd5 Nxd5 14. cxd5 Bd6 15. f4 f5 16. Bh3 g6 17. fxe5 Bxe5 18. Bh6 Rf7 19. exf5 gxf5 20. Rd2 Qd7 21. Rf1 Qd6 22. Bf4 Raf8 23. Bxe5 Qxe5 24. Rdf2 Bc8 25. Qd2 Rf6 26. Re1 Qd6 27. Rc1 Bb7 28. Bg2 R8f7 29. Re1 Bc8 30. Re8+ Rf8 31. Re1 Kg7 32. Bh3 R8f7 33. Qd4 Re7 34. Rxe7+ Qxe7 35. Bxf5 Bxf5 36. Rxf5 Kf7 37. Re5 Qd6 38. Kg2 c6 39. Qe4 Rg6 40. Qf5+ Kg7 41. Qe4 Kf7 42. Rf5+ Kg7 43. b4 a5 44. bxa5 bxa5 45. dxc6 Qd2+ 46. Rf2 Qb4 47. Qxb4 axb4 48. Rc2 Kf6 49. c7 Ke5 50. c8Q 1-0

[Event "Hordaland-ch NGP A"]
[Site "Bergen"]
[Date "2011.06.04"]
[Round "2"]
[White "Solli, Oddvar"]
[Black "Frisvold, Ole Emil"]
[Result "1-0"]
[WhiteElo "1665"]
[BlackElo "1971"]
[PlyCount "61"]
[EventDate "2011.06.03"]
[EventType "swiss"]
[EventRounds "5"]
[EventCountry "NOR"]
[SourceTitle "EXT 2024"]
[Source "ChessBase"]
[SourceDate "2023.10.10"]
[SourceVersion "1"]
[SourceVersionDate "2023.10.10"]
[SourceQuality "1"]

1. Nf3 Nf6 2. c4 c6 3. g3 g6 4. Bg2 Bg7 5. 0-0 0-0 6. d4 d5 7. Qb3 dxc4 8. Qxc4 Be6 9. Qc2 Bf5 10. Qb3 Qb6 11. Nbd2 Nbd7 12. e3 Ne4 13. Qxb6 Nxb6 14. b3 Rad8 15. Bb2 c5 16. Nxe4 Bxe4 17. Rfd1 Rd5 18. Rd2 Rfd8 19. Rad1 cxd4 20. Bxd4 Bxd4 21. Nxd4 f5 22. f3 f4 23. fxe4 fxe3 24. exd5 exd2 25. Rxd2 Rc8 26. Rc2 Rd8 27. Ne6 Rd7 28. Rf2 h5 29. Rf8+ Kh7 30. Re8 Nxd5 31. Nf8+ 1-0